El Informe sobre la revisión de nuestro sistema bancario nacional /

Gardado en:
Detalles Bibliográficos
Autor Principal: Gil Pacheco, Rufino
Formato: Texto
Materias:
Etiquetas: Engadir etiqueta
Sen Etiquetas, Sexa o primeiro en etiquetar este rexistro!

MARC

LEADER 00000 a a2200000 04500
001 3084
003
040
100 |a Gil Pacheco, Rufino  
245 |a El Informe sobre la revisión de nuestro sistema bancario nacional /  |c Rufino Gil Pacheco 
650 |a SISTEMAS BANCARIOS  
650 |a OPERACIONES BANCARIAS  
650 |a EVALUACION DE RECURSOS  
650 |a MARCO INSTITUCIONAL  
650 |a LEGISLACION  
773 |g volumen 5, número 1; páginas 37-53  
999 |c 35319  |d 35319